| Registos Bibliográficos associados ao registo de autoridade |
|
Etiqueta de registo: 00254nam 2200025 450 001 2257805 003 http://id.bnportugal.gov.pt/bib/catbnp/2257805 010 ## $a978-989-586-217-7 021 ## $aPT$b555061/25 100 ## $a20260130d2025 m y0pory01030103ba 101 0# $apor 102 ## $aPT 105 ## $ay z 000yy 106 ## $ar 200 1# $aDebates e reflexões sobre educação e ensino$eAngola 50 anos de independência$forg. Manuel Tchissende, Paulo Cordeiro Leite, Geraldo Fernandes$gautor Alberto Kapitango Nguluve... [et al.]$gpref. Soraya Teresa de Jesus Mateus Kalongela 205 ## $a1ª ed 210 #9 $aPorto$c5 Livros,$d2025 215 ## $a357 p.$d24 cm 675 ## $a37.014(673)"1975/2025"(042)$vBN$zpor$31989896 701 #1 $aNguluve,$bAlberto Kapitango$4070$31767836 702 #1 $aKalongela,$bSoraya Teresa de Jesus Mateus$4080$31982569 702 #1 $aFernandes,$bGeraldo$4340$31982568 702 #1 $aLeite,$bPaulo Cordeiro$4340$31982565 702 #1 $aTchissende,$bManuel$4340$31982563 801 #0 $aPT$bBN$gRPC 856 41 $uhttp://rnod.bnportugal.gov.pt/ImagesBN/winlibimg.aspx?skey=&doc=2257805&img=220093&save=true 900 ## $aBIBNAC$d20260320 966 ## $lBN$mFGMON$sS.C. 168582 V.$x1 971 ## $corlando$d20260130 972 ## $e0$z0$d20260320$vasantos 973 ## $caalmeid$d20260309
|
|
|